Football khelaye hole (Record no. 6783)

MARC details
000 -LEADER
fixed length control field 00453cam a2200193ua 4500
008 - FIXED-LENGTH DATA ELEMENTS--GENERAL INFORMATION
fixed length control field 141220n ii |||gr||||Z||||||ben
040 ## - CATALOGING SOURCE
Transcribing agency MAIN
041 ## - LANGUAGE CODE
-- ben
082 ## - DEWEY DECIMAL CLASSIFICATION NUMBER
Classification number 796.33
100 ## - MAIN ENTRY--PERSONAL NAME
Personal name Dutta, A.,
Relator term
245 1# - TITLE STATEMENT
Title Football khelaye hole
Statement of responsibility, etc. By Amal Dutta
250 ## - EDITION STATEMENT
Edition statement 1st.
260 ## - PUBLICATION, DISTRIBUTION, ETC.
Place of publication, distribution, etc. Kolkatta:
Name of publisher, distributor, etc. Ananda,
Date of publication, distribution, etc. 1971.
300 ## - PHYSICAL DESCRIPTION
Extent 193p.
942 ## - ADDED ENTRY ELEMENTS (KOHA)
Koha item type Books
653 ## - INDEX TERM--UNCONTROLLED
Uncontrolled term Athletic & outdoor sports & games
653 ## - INDEX TERM--UNCONTROLLED
Uncontrolled term Football
Holdings
Withdrawn status Lost status Damaged status Not for loan Home library Current library Date acquired Total Checkouts Full call number Barcode Date last seen Copy number Price effective from Koha item type
        Central Library, Naharkatiya College Central Library, Naharkatiya College 19/09/2020   796.33 | DUT 12574 19/09/2020 1 19/09/2020 Books

Naharkatiya College © 2020. All rights reserved.

Powered By